<?xml version="1.0" encoding="UTF-8"?>
<collection xmlns="http://www.loc.gov/MARC21/slim">
 <record>
  <leader>00929pam a22002418a 4500</leader>
  <controlfield tag="001">00043580</controlfield>
  <controlfield tag="005">20190219090240.0</controlfield>
  <controlfield tag="008">170517s2015                  ||||||Viesd</controlfield>
  <datafield tag="020" ind1="#" ind2="#">
   <subfield code="c">58000</subfield>
  </datafield>
  <datafield tag="041" ind1="0" ind2="#">
   <subfield code="a">Vie</subfield>
  </datafield>
  <datafield tag="082" ind1="1" ind2="4">
   <subfield code="a">372.1</subfield>
   <subfield code="b">Đ107GI</subfield>
  </datafield>
  <datafield tag="100" ind1="1" ind2="#">
   <subfield code="a">Nguyễn, Khải Hoàn</subfield>
   <subfield code="e">Đồng Chủ Biên</subfield>
  </datafield>
  <datafield tag="245" ind1="1" ind2="0">
   <subfield code="c">Nguyễn Khải Hoàn; Nguyễn Bá Đức (Đồng Chủ Biên)</subfield>
   <subfield code="a">Đánh giá học sinh tiểu học theo tiếp cận năng lực</subfield>
  </datafield>
  <datafield tag="260" ind1="#" ind2="#">
   <subfield code="b">Đại học Thái Nguyên</subfield>
   <subfield code="a">Thái Nguyên</subfield>
   <subfield code="c">2015</subfield>
  </datafield>
  <datafield tag="300" ind1="#" ind2="#">
   <subfield code="a">468 tr.</subfield>
   <subfield code="c">29 cm</subfield>
  </datafield>
  <datafield tag="653" ind1="#" ind2="#">
   <subfield code="a">Giáo dục</subfield>
  </datafield>
  <datafield tag="653" ind1="#" ind2="#">
   <subfield code="a">Học tập</subfield>
  </datafield>
  <datafield tag="653" ind1="#" ind2="#">
   <subfield code="a">Tiểu học</subfield>
  </datafield>
  <datafield tag="653" ind1="#" ind2="#">
   <subfield code="a">Đánh giá</subfield>
  </datafield>
  <datafield tag="700" ind1="1" ind2="#">
   <subfield code="a">Nguyễn Bá Đức</subfield>
   <subfield code="e">(Đồng Chủ Biên)</subfield>
  </datafield>
  <datafield tag="852" ind1="#" ind2="#">
   <subfield code="j">KD.0025914</subfield>
   <subfield code="j">KM.0026845</subfield>
   <subfield code="j">KM.0026846</subfield>
   <subfield code="j">KM.0026847</subfield>
   <subfield code="j">KM.0026848</subfield>
  </datafield>
  <datafield tag="910" ind1="#" ind2="#">
   <subfield code="d">19/2/2019</subfield>
  </datafield>
  <datafield tag="980" ind1="#" ind2="#">
   <subfield code="a">Trung tâm Học liệu Lê Vũ Hùng, Trường Đại học Đồng Tháp</subfield>
  </datafield>
 </record>
</collection>
